Introduction to the philosophy of law: Reading and cases
Enregistré dans:
| Auteur principal: | |
|---|---|
| Autres auteurs: | |
| Format: | Livre |
| Publié: |
New York
Oxford University Press
c1999
|
| Sujets: | |
| Tags: |
Ajouter un tag
Pas de tags, Soyez le premier à ajouter un tag!
|
MARC
| LEADER | 00000nam a2200000 4500 | ||
|---|---|---|---|
| 020 | |a 9780195119756 |c TZS 96377.44 | ||
| 040 | |a MUL |b eng |e AACR | ||
| 082 | |a 340.1 WHI | ||
| 100 | |a White,Jefferson | ||
| 245 | |a Introduction to the philosophy of law: |b Reading and cases |c /Jefferson White, Dennis Patterson | ||
| 260 | |a New York |b Oxford University Press |c c1999 | ||
| 300 | |a x, 437 p.: |c 23 cm | ||
| 504 | |a Includes index | ||
| 546 | |a eng | ||
| 650 | |a Law-philosophy | ||
| 700 | |a Dennis Patterson | ||
| 942 | |c BK | ||
| 999 | |c 583 |d 583 | ||